[Event "em-team men"]
[Site "?"]
[Date "2003.10.15"]
[Round "5.2"]
[White "Sermek, Drazen"]
[Black "Guseinov, Gadir"]
[Result "0-1"]
[WhiteElo "2568"]
[BlackElo "2557"]
[PlyCount "94"]
[EventDate "2003.10.15"]

1. e4 c5 2. c3 d5 3. exd5 Qxd5 4. d4 Nf6 5. Nf3 e6 6. Be3 cxd4 7. cxd4 Bb4+ 8.
Nc3 O-O 9. Be2 b6 10. Ne5 Ba6 11. Bf3 Ne4 12. Qa4 Nxc3 13. Qxb4 Ne4 14. Rc1 Bb7
15. Qe7 Na6 16. O-O Rae8 17. Qa3 f6 18. Nc4 f5 19. Rfe1 Rc8 20. b3 b5 21. Na5
Rxc1 22. Rxc1 f4 23. Bxe4 Qxe4 24. Nxb7 fxe3 25. f3 Qxb7 26. Qd6 Re8 27. Rc6
Nb8 28. Rc7 Qd5 29. Qf4 Nd7 30. Qxe3 a6 31. h4 Qd6 32. Qc3 Nf6 33. Rc6 Qg3 34.
Rxa6 Nd5 35. Qd2 Rc8 36. Qg5 Qxg5 37. hxg5 Rc1+ 38. Kh2 Kf7 39. a4 b4 40. Ra7+
Kg6 41. Ra6 Kf5 42. Ra7 g6 43. Rxh7 Rc3 44. a5 Rxb3 45. a6 Ra3 46. a7 Kxg5 47.
Rb7 Kf6 0-1

[Event "em-team men"]
[Site "?"]
[Date "2003.10.15"]
[Round "5.3"]
[White "Dautov, Rustem"]
[Black "Sokolov, Andrei"]
[Result "1/2-1/2"]
[WhiteElo "2610"]
[BlackElo "2584"]
[PlyCount "49"]
[EventDate "2003.10.15"]

1. d4 Nf6 2. c4 e6 3. Nf3 b6 4. g3 Ba6 5. b3 Bb4+ 6. Bd2 Be7 7. Bg2 O-O 8. O-O
d5 9. cxd5 Nxd5 10. Nc3 Nd7 11. Nxd5 exd5 12. Rc1 Re8 13. Re1 Bb7 14. b4 Bd6
15. Bg5 Nf6 16. Qb3 c6 17. e3 a5 18. b5 cxb5 19. Ne5 Bxe5 20. dxe5 Rxe5 21. f4
Re6 22. Qxb5 h6 23. Bxf6 Rxf6 24. Red1 Rd6 25. Qd3 1/2-1/2

[Event "em-team men"]
[Site "?"]
[Date "2003.10.15"]
[Round "5.4"]
[White "Azarov, Sergei"]
[Black "Nijboer, Friso"]
[Result "1/2-1/2"]
[WhiteElo "2542"]
[BlackElo "2577"]
[PlyCount "36"]
[EventDate "2003.10.15"]

1. e4 c5 2. Nf3 Nc6 3. d4 cxd4 4. Nxd4 Nf6 5. Nc3 d6 6. Bc4 Qb6 7. Nb3 e6 8.
Bf4 Ne5 9. Be2 Bd7 10. g4 h6 11. h4 a6 12. Rg1 Bc6 13. Be3 Qc7 14. f4 Ned7 15.
Bf3 Nc5 16. Nxc5 dxc5 17. g5 hxg5 18. hxg5 Nd7 1/2-1/2

[Event "em-team men"]
[Site "?"]
[Date "2003.10.15"]
[Round "5.4"]
[White "Van Der Wiel, John"]
[Black "Kovalev, Andrei"]
[Result "1/2-1/2"]
[WhiteElo "2537"]
[BlackElo "2572"]
[PlyCount "31"]
[EventDate "2003.10.15"]

1. e4 c5 2. Nf3 d6 3. d4 cxd4 4. Nxd4 Nf6 5. Nc3 a6 6. Bg5 e6 7. f4 Qb6 8. Nb3
Be7 9. Qf3 Qc7 10. Bd3 Nbd7 11. O-O h6 12. Bh4 b5 13. a3 Bb7 14. Qh3 Nb6 15.
Na5 Bc8 16. Qg3 1/2-1/2

[Event "em-team men"]
[Site "?"]
[Date "2003.10.15"]
[Round "5.5"]
[White "Socko, Bartosz"]
[Black "Sedlak, Nikola"]
[Result "1-0"]
[WhiteElo "2547"]
[BlackElo "2543"]
[PlyCount "91"]
[EventDate "2003.10.15"]

1. e4 c5 2. Nf3 d6 3. d4 cxd4 4. Nxd4 Nf6 5. Nc3 g6 6. f3 e5 7. Nb3 Be6 8. Be3
Nc6 9. Qd2 d5 10. exd5 Nxd5 11. Nxd5 Qxd5 12. Qxd5 Bxd5 13. O-O-O O-O-O 14. c4
Be6 15. Rxd8+ Kxd8 16. Nc5 Bxc5 17. Bxc5 Kc7 18. Bd3 Rd8 19. Rd1 b6 20. Ba3 h5
21. b3 g5 22. Bb1 Nd4 23. Re1 Nc6 24. Be4 g4 25. Bb2 Nd4 26. Bh7 gxf3 27. gxf3
f6 28. f4 Nf3 29. Re2 Bg4 30. Rf2 Ne1 31. Rd2 Rh8 32. Bg6 Rh6 33. Bb1 exf4 34.
Rf2 f3 35. h3 Bxh3 36. Bc3 Ng2 37. Rxf3 Bg4 38. Rf2 Nh4 39. Bd2 Rh8 40. Rxf6
Nf3 41. Bf4+ Kd7 42. Be4 h4 43. Rf7+ Ke8 44. Rxa7 Rf8 45. Bd6 Rf6 46. Bc6+ 1-0

[Event "em-team men"]
[Site "?"]
[Date "2003.10.15"]
[Round "5.6"]
[White "Sepp, Olav"]
[Black "Gagunashvili, Merab"]
[Result "1/2-1/2"]
[WhiteElo "2429"]
[BlackElo "2582"]
[PlyCount "86"]
[EventDate "2003.10.15"]

1. e4 d6 2. d4 Nf6 3. Nc3 g6 4. g3 Bg7 5. Bg2 O-O 6. Nge2 Na6 7. O-O c5 8. h3
cxd4 9. Nxd4 Nc5 10. Be3 Bd7 11. Qd2 Rc8 12. Rfe1 a6 13. a4 e5 14. Nde2 Bc6 15.
f3 Qd7 16. b3 b6 17. a5 b5 18. Rad1 Rfd8 19. b4 Ne6 20. Nd5 Bxd5 21. exd5 Nf8
22. g4 Rc4 23. c3 Rdc8 24. Rc1 Qb7 25. Red1 N8d7 26. Bf1 Qc7 27. Kh2 Ne8 28.
Ng3 Rxc3 29. Bb6 Rxc1 30. Bxc7 R1xc7 31. Bd3 Nef6 32. Bb1 Rc4 33. g5 Rd4 34.
Qe2 Nxd5 35. Rxd4 exd4 36. Qe4 Nxb4 37. Qb7 Rc1 38. Qxd7 Rxb1 39. Qd8+ Bf8 40.
Ne4 Re1 41. Nf6+ Kg7 42. Ne8+ Kg8 43. Nf6+ Kg7 1/2-1/2

[Event "em-team men"]
[Site "?"]
[Date "2003.10.15"]
[Round "5.10"]
[White "Sulava, Nenad"]
[Black "Brynell, Stellan"]
[Result "0-1"]
[WhiteElo "2472"]
[BlackElo "2462"]
[PlyCount "154"]
[EventDate "2003.10.15"]

1. d4 d5 2. Nf3 Nc6 3. e3 Bg4 4. Bb5 e6 5. Bxc6+ bxc6 6. c4 Bxf3 7. gxf3 c5 8.
cxd5 exd5 9. Qc2 Qd6 10. dxc5 Qxc5 11. Qa4+ c6 12. Bd2 Nf6 13. Na3 Qb6 14. Rc1
Rc8 15. Nc2 Qxb2 16. Ke2 Qb5+ 17. Qxb5 cxb5 18. Nd4 Rxc1 19. Rxc1 Kd7 20. Nxb5
a6 21. Nd4 Bd6 22. Nf5 Rb8 23. Bc3 Ne8 24. Nxg7 Nxg7 25. Bxg7 Rb4 26. f4 Ra4
27. Rc2 Ke6 28. Bc3 Ra3 29. Bd4 Ra4 30. Kf3 f5 31. Rb2 Rb4 32. Rc2 Rc4 33. Rb2
Rb4 34. Rd2 Ra4 35. Kg3 Be7 36. Rb2 Rb4 37. Rxb4 Bxb4 38. Kh4 Be7+ 39. Kh5 Kf7
40. a4 Bd8 41. Kh6 Kg8 42. f3 Be7 43. Be5 Bd8 44. Kh5 Kf7 45. Bc3 Be7 46. h3
Bd8 47. Be1 Be7 48. Kh6 Kg8 49. Ba5 Bf6 50. Bb6 Be7 51. Ba5 Bf6 52. Be1 Bd8 53.
Kh5 Kf7 54. Bh4 Bb6 55. Bf2 Bd8 56. Be1 Be7 57. Kh6 Kg8 58. h4 Bd8 59. h5 Be7
60. Bc3 Bd8 61. Bd4 Be7 62. Ba7 Bd8 63. Bc5 Bf6 64. Bb6 Be7 65. Bd4 Bd8 66. Bc3
Be7 67. Be5 Bd8 68. Bd4 Be7 69. e4 dxe4 70. fxe4 fxe4 71. f5 Bh4 72. f6 Kf7 73.
Kxh7 Bg5 74. h6 Bd2 75. Kh8 e3 76. h7 e2 77. Bf2 Bc3 0-1

[Event "em-team men"]
[Site "?"]
[Date "2003.10.15"]
[Round "5.14"]
[White "Borgo, Giulio"]
[Black "Gengler, Pierre"]
[Result "1-0"]
[WhiteElo "2419"]
[BlackElo "2149"]
[PlyCount "77"]
[EventDate "2003.10.15"]

1. Nf3 c5 2. c4 g6 3. d4 cxd4 4. Nxd4 Nc6 5. e4 Bg7 6. Be3 Nf6 7. Nc3 d6 8. Be2
O-O 9. Rc1 Nxd4 10. Bxd4 b6 11. O-O Bb7 12. f3 Qd7 13. Qd2 Rac8 14. b3 Bc6 15.
a4 Qb7 16. Rfe1 Nd7 17. Bxg7 Kxg7 18. f4 Rcd8 19. b4 Qa8 20. Bf3 Kg8 21. Nd5
Bxd5 22. exd5 Rfe8 23. h4 Nf6 24. f5 Qc8 25. g4 gxf5 26. Qg5+ Kh8 27. Rxe7 Nxg4
28. Bxg4 Rg8 29. Qf6+ Rg7 30. Rxf7 Rdg8 31. Re1 fxg4 32. Rxg7 Rxg7 33. Re7 Qg8
34. h5 h6 35. c5 dxc5 36. d6 Kh7 37. Qg6+ Kh8 38. Qxh6+ Rh7 39. Rxh7+ 1-0

[Event "em-team men"]
[Site "?"]
[Date "2003.10.15"]
[Round "5.15"]
[White "Maki-Uuro, Miikka"]
[Black "Zapolskis, Antanas"]
[Result "1-0"]
[WhiteElo "2409"]
[BlackElo "2375"]
[PlyCount "117"]
[EventDate "2003.10.15"]

1. d4 d5 2. c4 c6 3. cxd5 cxd5 4. Nf3 Nc6 5. Nc3 Nf6 6. Bf4 Ne4 7. e3 Qa5 8.
Qb3 e6 9. Bd3 Bb4 10. Bxe4 dxe4 11. Nd2 O-O 12. O-O Qf5 13. Ndxe4 Bxc3 14. Ng3
Qg6 15. Qxc3 h5 16. h4 Qg4 17. Qc5 Qxh4 18. Qxh5 Qe7 19. Ne4 Rd8 20. Ng5 Qf6
21. Qh7+ Kf8 22. Ne4 Qg6 23. Qxg6 fxg6 24. Rac1 Rd5 25. Rc3 e5 26. dxe5 Nxe5
27. Rc5 Rxc5 28. Nxc5 Nc6 29. Rd1 Ke8 30. Rd6 Ne7 31. Bg5 b6 32. Ne6 Kf7 33.
Nc7 Rb8 34. Bxe7 Kxe7 35. Rxg6 Kf7 36. Rd6 Rb7 37. Nb5 Be6 38. a3 Ke7 39. Rd4
a6 40. Nc3 b5 41. e4 g5 42. f3 Kf6 43. Kf2 Ke5 44. Ke3 Rh7 45. Rd2 Rh1 46. Nd5
Re1+ 47. Kf2 Rc1 48. Nb4 Bc4 49. Nxa6 Kf4 50. g3+ Ke5 51. Nb4 Rb1 52. Nc6+ Kf6
53. Nd4 Rf1+ 54. Kg2 Rb1 55. Ne2 Re1 56. Nc3 Rc1 57. Kf2 Rf1+ 58. Ke3 Ke6 59.
Rd1 1-0

[Event "em-team men"]
[Site "?"]
[Date "2003.10.15"]
[Round "5.18"]
[White "Zeidler, Sven P"]
[Black "Gunnarsson, Jon Viktor"]
[Result "1/2-1/2"]
[WhiteElo "2246"]
[BlackElo "2419"]
[PlyCount "63"]
[EventDate "2003.10.15"]

1. e4 c5 2. Nc3 e6 3. f4 a6 4. Nf3 d5 5. Qe2 Ne7 6. d3 Nbc6 7. Qf2 b6 8. g4 g6
9. Bg2 Bg7 10. Bd2 Nb4 11. O-O-O Bb7 12. Kb1 d4 13. Ne2 a5 14. f5 exf5 15. gxf5
gxf5 16. Nh4 fxe4 17. Bxe4 Bxe4 18. dxe4 Qd7 19. Rhg1 Be5 20. Nf3 Qe6 21. Bxb4
axb4 22. b3 Ng6 23. Rdf1 f6 24. h4 Bd6 25. h5 Ne7 26. Nd2 Be5 27. Nc4 O-O-O 28.
Nf4 Bxf4 29. Qxf4 b5 30. Nb2 Rhf8 31. Qf3 Nc6 32. Qf5 1/2-1/2

[Event "em-team men"]
[Site "?"]
[Date "2003.10.15"]
[Round "5.5"]
[White "Damljanovic, Branko"]
[Black "Macieja, Bartlomiej"]
[Result "0-1"]
[WhiteElo "2589"]
[BlackElo "2635"]
[PlyCount "142"]
[EventDate "2003.10.15"]

1. Nf3 Nf6 2. c4 c5 3. g3 g6 4. Bg2 Nc6 5. O-O Bg7 6. d4 cxd4 7. Nxd4 Nxd4 8.
Qxd4 O-O 9. Nc3 d6 10. Qd3 a6 11. Bd2 Rb8 12. Rac1 b5 13. cxb5 axb5 14. Nxb5
Bf5 15. e4 Nxe4 16. Bxe4 Bxe4 17. Qxe4 Rxb5 18. b4 d5 19. Qd3 Rb7 20. a4 e5 21.
Rc5 e4 22. Qa6 Rb6 23. Qa5 d4 24. Rd5 Qf6 25. Rd7 Re6 26. Qd5 h5 27. Bf4 h4 28.
b5 h3 29. Qg5 Qxg5 30. Bxg5 e3 31. fxe3 dxe3 32. Re1 Rfe8 33. Rd3 e2 34. Kf2
Re4 35. Be3 Rxa4 36. Rxe2 Rb4 37. b6 Re5 38. Rc2 Bf6 39. Rc6 Kg7 40. Kf3 Rf5+
41. Ke2 Re5 42. Kd1 Ra5 43. Rc2 Bg5 44. Bc5 Rbb5 45. Bf2 Ra1+ 46. Ke2 Rh1 47.
Kf3 Bf6 48. Be3 Rb4 49. Rc7 g5 50. Rdd7 g4+ 51. Ke2 Rb2+ 52. Kd3 Rd1+ 53. Ke4
Rxd7 54. Rxd7 Rxh2 55. Rd1 Kg6 56. Bf4 Rb2 57. Bc7 Be7 58. Kd5 Bg5 59. Kc6 Rc2+
60. Kd7 Rb2 61. Kc8 h2 62. b7 Be3 63. Rh1 Ba7 64. b8=Q Bxb8 65. Bxb8 Kf5 66.
Ba7 Ke4 67. Rf1 Rg2 68. Kd7 Rxg3 69. Rh1 Rd3+ 70. Ke7 g3 71. Bb8 Kf3 0-1

[Event "em-team men"]
[Site "?"]
[Date "2003.10.15"]
[Round "5.7"]
[White "Varga, Zoltan"]
[Black "Babula, Vlastimil"]
[Result "1/2-1/2"]
[WhiteElo "2558"]
[BlackElo "2567"]
[PlyCount "106"]
[EventDate "2003.10.15"]

1. d4 Nf6 2. c4 e6 3. Nc3 Bb4 4. Bd2 O-O 5. Nf3 c5 6. dxc5 Bxc5 7. a3 d5 8.
cxd5 exd5 9. b4 Bb6 10. Bg5 Be6 11. e3 h6 12. Bh4 Nc6 13. Na4 g5 14. Bg3 d4 15.
Nxb6 Qxb6 16. Nxd4 Rad8 17. Be2 Nxd4 18. exd4 Rxd4 19. Qc2 Rc8 20. Qb2 Ne4 21.
Rc1 Rxc1+ 22. Qxc1 Rd2 23. Bf3 Nxf2 24. Qxd2 Nxh1 25. Bf2 Nxf2 26. Qxf2 Qxf2+
27. Kxf2 b6 28. Ke3 Kf8 29. Kd4 Ke7 30. a4 Kd6 31. a5 Bd7 32. axb6 axb6 33. g3
f5 34. Be2 Bc6 35. Bd3 Ke6 36. Bc4+ Kf6 37. Bd3 Bb7 38. Bc2 h5 39. Bd1 h4 40.
Be2 hxg3 41. hxg3 f4 42. gxf4 gxf4 43. Bd1 Bc6 44. Be2 Kf5 45. Bc4 f3 46. Ke3
Kg4 47. Kf2 Kf4 48. Bb3 Be4 49. Bc4 Bb7 50. Bb5 Bd5 51. Ba6 Be6 52. Bb7 Bg4 53.
Bc6 Bh5 1/2-1/2

[Event "em-team men"]
[Site "?"]
[Date "2003.10.15"]
[Round "5.8"]
[White "Flear, Glenn C"]
[Black "Illescas Cordoba, Miguel"]
[Result "1/2-1/2"]
[WhiteElo "2516"]
[BlackElo "2602"]
[PlyCount "74"]
[EventDate "2003.10.15"]

1. d4 Nf6 2. c4 e6 3. Nc3 Bb4 4. e3 O-O 5. Bd3 c5 6. d5 b5 7. dxe6 fxe6 8. cxb5
Bb7 9. Nf3 d5 10. O-O Nbd7 11. Ne2 e5 12. Bf5 Qb6 13. a3 Ba5 14. Qa4 c4 15. b4
cxb3 16. Qxb3 Nc5 17. Qb1 Rae8 18. a4 Nfe4 19. Ng3 Nc3 20. Qc2 g6 21. Bh3 {
Diagram #} 21... Rxf3 22. gxf3 d4 23. exd4 exd4 24. Bd2 d3 25. Qb2 Re2 26. Nxe2
Nxe2+ 27. Kh1 Bxf3+ 28. Bg2 Qb7 29. Rg1 Bxd2 30. Qxd2 Nxg1 31. Rxg1 Qd5 32. Qe3
Bxg2+ 33. Rxg2 d2 34. Qe8+ Kg7 35. Qe7+ Kg8 36. Qe8+ Kg7 37. Qe7+ Kg8 1/2-1/2

[Event "em-team men"]
[Site "?"]
[Date "2003.10.15"]
[Round "5.13"]
[White "Vasilev, Milen"]
[Black "Gallagher, Joseph"]
[Result "1/2-1/2"]
[WhiteElo "2451"]
[BlackElo "2522"]
[PlyCount "85"]
[EventDate "2003.10.15"]

1. d4 g6 2. c4 Bg7 3. Nf3 Nf6 4. Nc3 O-O 5. g3 d6 6. Bg2 Nc6 7. O-O a6 8. b3
Rb8 9. Bb2 b5 10. cxb5 axb5 11. d5 Na7 12. b4 c5 13. a3 e6 14. dxe6 Bxe6 15.
Qd2 Qe7 16. e4 Nc8 17. Rad1 Nb6 18. Ba1 Nc4 19. Qc1 Rfc8 20. Rfe1 Qa7 21. bxc5
Qxc5 22. Nd4 Nxa3 23. Nxe6 fxe6 24. Bh3 Re8 25. e5 dxe5 26. Qd2 Nc4 27. Qe2 Kh8
28. Rc1 Rbc8 29. Bf1 Rcd8 30. Nxb5 Qxb5 31. Rxc4 e4 32. Qc2 Qf5 33. Bg2 e3 34.
fxe3 Qxc2 35. Rxc2 Nd5 36. Bxd5 exd5 37. Rc7 Bxa1 38. Rxa1 Ra8 39. Rxa8 Rxa8
40. Rd7 Ra3 41. Kf2 Ra2+ 42. Kg1 Re2 43. Rxd5 1/2-1/2

[Event "em-team men"]
[Site "?"]
[Date "2003.10.15"]
[Round "5.14"]
[White "Wagener, Claude"]
[Black "Belotti, Bruno"]
[Result "0-1"]
[WhiteElo "2217"]
[BlackElo "2426"]
[PlyCount "76"]
[EventDate "2003.10.15"]

1. e4 c5 2. Nf3 d6 3. d4 cxd4 4. Nxd4 Nf6 5. Nc3 a6 6. Be2 e6 7. a4 Qc7 8. a5
Nbd7 9. O-O Be7 10. f4 b5 11. axb6 Nxb6 12. Kh1 Bb7 13. Bd3 O-O 14. Qe2 Nbd7
15. Nb3 Nc5 16. Nxc5 Qxc5 17. Ra4 Qc6 18. Bd2 d5 19. exd5 Nxd5 20. Nxd5 Qxd5
21. Bc3 Qc6 22. Ra5 g6 23. Rg1 Rfc8 24. f5 Qb6 25. Ra4 Rxc3 26. bxc3 Bc5 27.
Rga1 exf5 28. Bxa6 Bc6 29. R4a2 Re8 30. Qf1 Re3 31. Qf4 Bd6 32. Qd4 Bc5 33. Qh4
Qc7 34. Bd3 {Diagram #} 34... Bxg2+ 35. Kxg2 Qc6+ 36. Be4 Rxe4 37. Qxe4 Qxe4+
38. Kf1 Qf3+ 0-1

[Event "em-team men"]
[Site "?"]
[Date "2003.10.15"]
[Round "5.15"]
[White "Kveinys, Aloyzas"]
[Black "Nyback, Tomi"]
[Result "1/2-1/2"]
[WhiteElo "2495"]
[BlackElo "2497"]
[PlyCount "74"]
[EventDate "2003.10.15"]

1. d4 Nf6 2. Nf3 e6 3. Bf4 c5 4. e3 Nc6 5. c3 d5 6. Nbd2 Bd6 7. Bg3 Qe7 8. Ne5
Nd7 9. f4 O-O 10. Bd3 f6 11. Nxc6 bxc6 12. Qc2 g6 13. O-O c4 14. Be2 e5 15.
fxe5 fxe5 16. b3 cxb3 17. axb3 Nf6 18. b4 Bf5 19. Qb2 Rae8 20. Bf3 Bb8 21. Rfe1
e4 22. Bd1 Bxg3 23. hxg3 Bg4 24. Bb3 Nh5 25. Nf1 Qg5 26. b5 {Diagram #} 26...
Rxf1+ 27. Rxf1 Nxg3 28. Rae1 Nxf1 29. Kxf1 cxb5 30. Qa2 Be6 31. Qxa7 Rf8+ 32.
Kg1 h5 33. Qc7 Qf6 34. Ra1 Rf7 35. Qd6 Qf2+ 36. Kh2 Qh4+ 37. Kg1 Qf2+ 1/2-1/2

[Event "em-team men"]
[Site "?"]
[Date "2003.10.15"]
[Round "5.17"]
[White "Kotronias, Vasilios"]
[Black "Cekro, Ekrem"]
[Result "1/2-1/2"]
[WhiteElo "2626"]
[BlackElo "2433"]
[PlyCount "81"]
[EventDate "2003.10.15"]

1. e4 d6 2. d4 Nf6 3. Nc3 g6 4. f4 Bg7 5. Nf3 O-O 6. Be3 Na6 7. e5 Ng4 8. Bg1
c5 9. h3 cxd4 10. Qxd4 Nh6 11. O-O-O Qa5 12. g4 Nb4 13. a3 Nc6 14. Qd5 Qxd5 15.
Nxd5 dxe5 16. Nxe5 Nxe5 17. fxe5 Bxe5 18. Nxe7+ Kg7 19. Nxc8 Rfxc8 20. Rd7 b6
21. Bh2 Re8 22. Bxe5+ Rxe5 23. Bg2 Rc8 24. Bd5 Rce8 25. c4 R8e7 26. Rxe7 Rxe7
27. Kd2 f5 28. Rg1 fxg4 29. hxg4 Re5 30. Kc3 Rg5 31. Re1 Kf8 32. Rf1+ Kg7 33.
Be6 Re5 34. Bd7 Re7 35. Rd1 Nf7 36. Bb5 Kf6 37. Kd4 Ke6 38. b4 Kd6 39. c5+
bxc5+ 40. bxc5+ Kc7 41. Rf1 1/2-1/2

[Event "em-team men"]
[Site "?"]
[Date "2003.10.15"]
[Round "5.6"]
[White "Kacheishvili, Giorgi"]
[Black "Seeman, Tarvo"]
[Result "1-0"]
[WhiteElo "2593"]
[BlackElo "2429"]
[PlyCount "119"]
[EventDate "2003.10.15"]

1. d4 Nf6 2. c4 g6 3. g3 Bg7 4. Bg2 O-O 5. Nc3 d6 6. Nf3 Nbd7 7. O-O e5 8. e3
c6 9. a4 a5 10. b3 exd4 11. exd4 Re8 12. Bf4 Nf8 13. d5 c5 14. Rc1 h6 15. Nb5
Ra6 16. Re1 g5 17. Bd2 Ng6 18. Bc3 Bd7 19. Nd2 Bxb5 20. cxb5 Rxe1+ 21. Qxe1 Ra8
22. Nc4 b6 23. Rc2 Ra7 24. Re2 Kf8 25. Qa1 Nh5 26. Be4 Bxc3 27. Qxc3 Ng7 28.
Bxg6 fxg6 {Diagram #} 29. Re6 Nxe6 30. Qh8+ Ke7 31. Qh7+ Kf6 32. Qxa7 Nd4 33.
Qxb6 Qxb6 34. Nxb6 Ke5 35. Nc4+ Kxd5 36. Nxa5 Ke6 37. Nc4 d5 38. Nd2 g4 39. h3
h5 40. hxg4 hxg4 41. Kf1 Kd6 42. Ke1 Kc7 43. Kd1 Kb6 44. Kc1 Ka5 45. Kb2 Kb4
46. b6 Nc6 47. Nf1 c4 48. bxc4 dxc4 49. Ne3 Na5 50. Kc2 g5 51. Nxg4 Kxa4 52.
Kc3 Kb5 53. Ne5 Kc5 54. Nxc4 Nb7 55. Kd3 Nd8 56. g4 Nb7 57. Nd2 Kxb6 58. Ne4
Kc6 59. Kd4 Kd7 60. Nc5+ 1-0

[Event "em-team men"]
[Site "?"]
[Date "2003.10.15"]
[Round "5.7"]
[White "Stocek, Jiri"]
[Black "Ruck, Robert"]
[Result "1/2-1/2"]
[WhiteElo "2545"]
[BlackElo "2551"]
[PlyCount "102"]
[EventDate "2003.10.15"]

1. d4 Nf6 2. c4 e6 3. Nc3 Bb4 4. e3 O-O 5. Bd3 c5 6. Nf3 d5 7. O-O cxd4 8. exd4
dxc4 9. Bxc4 b6 10. Re1 Bb7 11. Qe2 Nbd7 12. Bd2 Rc8 13. Bd3 Bxc3 14. bxc3 Re8
15. a4 Qc7 16. Ne5 Nxe5 17. dxe5 Qc6 18. Qf1 Nd7 19. a5 bxa5 20. Rxa5 Nc5 21.
Bb5 Qb6 22. Rea1 Nb3 23. Be3 Qc7 24. Rxa7 Nxa1 25. Bxe8 Rxe8 26. Qxa1 Qc6 27.
f3 Ra8 28. Rxa8+ Bxa8 29. c4 h6 30. h3 Bb7 31. Qd4 Ba6 32. c5 Bb5 33. Qd8+ Kh7
34. Qe7 Kg8 35. Qd6 Qa8 36. Bd2 Bc6 37. Qc7 Qa4 38. Qd8+ Kh7 39. Qd3+ Kg8 40.
Bc3 Bd5 41. Qd2 Qc4 42. Bd4 Bc6 43. Be3 Bd5 44. Kh2 Qa4 45. Bf2 Qc4 46. Qe3 Qc2
47. Be1 Kh7 48. Bc3 Kg8 49. Bd4 Kh7 50. Qc3 Qa4 51. Qd3+ Kg8 1/2-1/2

[Event "em-team men"]
[Site "?"]
[Date "2003.10.15"]
[Round "5.11"]
[White "Vouldis, Angelos"]
[Black "Chatalbashev, Boris"]
[Result "1-0"]
[WhiteElo "2528"]
[BlackElo "2534"]
[PlyCount "101"]
[EventDate "2003.10.15"]

1. e4 g6 2. d4 Bg7 3. Nc3 c6 4. Bc4 d6 5. Qf3 e6 6. Nge2 Nd7 7. Bb3 Ngf6 8. O-O
O-O 9. Bg5 e5 10. Rad1 Qe7 11. Qg3 b5 12. d5 c5 13. Nxb5 h6 14. Bxf6 Nxf6 15.
Qe3 h5 16. h3 h4 17. Na3 Nh5 18. c3 Rb8 19. Nc4 Ba6 20. Na5 Bxe2 21. Qxe2 Nf4
22. Qf3 Qg5 23. Qg4 Qh6 24. Rb1 f5 25. Qf3 Qg5 26. Kh2 Nh5 27. Bc2 Qd2 28. Qd3
Qf4+ 29. Kh1 Nf6 30. exf5 e4 31. Qe3 Qxf5 32. b4 cxb4 33. Rxb4 Kh7 34. Bxe4
Nxe4 35. Rxe4 Qxd5 36. Rxh4+ Kg8 37. Nb3 Rbe8 38. Qg3 Rf6 39. Rg4 Kh7 40. Nd4
Qxa2 41. Nf3 Qe2 42. Re1 Qb5 43. Ng5+ Kg8 44. Ne4 Rf7 45. Rg1 Rxe4 46. Rxe4 Qf5
47. Ra4 Qxf2 48. Qxf2 Rxf2 49. Ra3 Bf6 50. Rd1 d5 51. Kg1 1-0

[Event "em-team men"]
[Site "?"]
[Date "2003.10.15"]
[Round "5.12"]
[White "Mitkov, Nikola"]
[Black "McMahon, Daire"]
[Result "1/2-1/2"]
[WhiteElo "2530"]
[BlackElo "2221"]
[PlyCount "98"]
[EventDate "2003.10.15"]

1. e4 e5 2. Nf3 Nc6 3. Bb5 Nf6 4. O-O Bc5 5. Nxe5 Nxe5 6. d4 a6 7. Be2 Ba7 8.
dxe5 Nxe4 9. Qd5 Qh4 10. g3 c6 11. Qc4 b5 12. gxh4 bxc4 13. Nd2 Nxd2 14. Bxd2
Bd4 15. Bxc4 Bxb2 16. Rab1 Bd4 17. Bb4 f6 18. Rfe1 fxe5 19. Rbd1 a5 20. Bd6 Kd8
21. Rd3 Ba6 22. Bxa6 Rxa6 23. Rb3 Ra8 24. Reb1 Ke8 25. Rf3 e4 26. Rf4 Bf6 27.
Rxe4+ Kf7 28. Rb7 Rad8 29. Bc7 Rde8 30. Rc4 Re1+ 31. Kg2 Ke6 32. Bxa5 Rc1 33.
Bd2 Rd1 34. Be3 Ra8 35. a4 Ra1 36. Re4+ Kf5 37. Rf4+ Ke6 38. Re4+ Kf5 39. Rbb4
d5 40. Rf4+ Ke6 41. c4 Ra6 42. cxd5+ cxd5 43. h5 Bc3 44. Rb7 R1xa4 45. h6 Rxf4
46. Bxf4 Kf5 47. Rf7+ Rf6 48. hxg7 Rxf7 49. g8=Q Rg7+ 1/2-1/2

[Event "em-team men"]
[Site "?"]
[Date "2003.10.15"]
[Round "5.5"]
[White "Markowski, Tomasz"]
[Black "Pavlovic, Milos"]
[Result "1-0"]
[WhiteElo "2610"]
[BlackElo "2593"]
[PlyCount "109"]
[EventDate "2003.10.15"]

1. g3 e5 2. c4 Nf6 3. Bg2 h6 4. Nc3 Bb4 5. Nf3 e4 6. Nd4 Bxc3 7. dxc3 O-O 8.
O-O Re8 9. b3 d6 10. Nc2 b6 11. Ne3 Bb7 12. Nd5 Nbd7 13. Bf4 Ne5 14. Qd2 Ng6
15. Nxf6+ Qxf6 16. Be3 Ne7 17. Rad1 Rad8 18. Qc2 Nf5 19. Bc1 Re7 20. a4 Qg6 21.
Bf4 h5 22. h3 Ba8 23. e3 Ree8 24. a5 Ne7 25. axb6 axb6 26. Ra1 Nc6 27. Rfd1 Bb7
28. b4 Qe6 29. Qe2 g6 30. c5 dxc5 31. bxc5 Ne5 32. Bxe5 Qxe5 33. cxb6 Rxd1+ 34.
Qxd1 cxb6 35. Rb1 Qxc3 36. Rxb6 Qc7 37. Rd6 Bc8 38. Qd4 Bf5 39. Qd1 Qc8 40. Kh2
Qc7 41. h4 Qc5 42. Rd5 Qc3 43. Qa4 Qc8 44. Rd4 Qe6 45. Rb4 Qe5 46. Rb5 Qe7 47.
Qd4 Rd8 48. Qb2 Qe8 49. Bf1 Qd7 50. Be2 Qc8 51. Qb3 Be6 52. Qb2 Bc4 53. Bxc4
Qxc4 54. Rb6 Qc7 55. Qb3 1-0

[Event "em-team men"]
[Site "?"]
[Date "2003.10.15"]
[Round "5.6"]
[White "Jobava, Baadur"]
[Black "Kulaots, Kaido"]
[Result "1/2-1/2"]
[WhiteElo "2605"]
[BlackElo "2530"]
[PlyCount "56"]
[EventDate "2003.10.15"]

1. c4 Nf6 2. d4 e6 3. Nc3 Bb4 4. Qc2 O-O 5. a3 Bxc3+ 6. Qxc3 b6 7. Bg5 Bb7 8.
e3 d6 9. Ne2 Nbd7 10. Qd2 h6 11. Bh4 Ba6 12. Nc3 d5 13. Qc2 Bxc4 14. Bxc4 dxc4
15. O-O-O c6 16. g4 b5 17. Rdg1 g6 18. f4 a5 19. f5 b4 20. Nb1 g5 21. fxe6 Qe7
22. exd7 Qxe3+ 23. Qd2 Qxd2+ 24. Nxd2 gxh4 25. g5 Nxd7 26. Nxc4 bxa3 27. bxa3
Kh7 28. gxh6 Rg8 1/2-1/2

[Event "em-team men"]
[Site "?"]
[Date "2003.10.15"]
[Round "5.9"]
[White "Efimenko, Zahar"]
[Black "Schroll, Gerhard"]
[Result "1-0"]
[WhiteElo "2547"]
[BlackElo "2417"]
[PlyCount "27"]
[EventDate "2003.10.15"]

1. e4 e5 2. Nf3 Nf6 3. Nxe5 d6 4. Nf3 Nxe4 5. Nc3 Nxc3 6. dxc3 Be7 7. Bf4 O-O
8. Qd2 Nd7 9. O-O-O Re8 10. Bc4 Nc5 11. Be3 Be6 12. Bxe6 Nxe6 13. h4 c6 14. Ng5
{very bed calligraphy! Sorry!} 1-0

[Event "em-team men"]
[Site "?"]
[Date "2003.10.15"]
[Round "5.10"]
[White "Cvitan, Ognjen"]
[Black "Hector, Jonny"]
[Result "1/2-1/2"]
[WhiteElo "2516"]
[BlackElo "2515"]
[PlyCount "93"]
[EventDate "2003.10.15"]

1. d4 d5 2. c4 c6 3. Nf3 Nf6 4. Nc3 dxc4 5. a4 Bf5 6. e3 e6 7. Bxc4 Bb4 8. O-O
Nbd7 9. Qe2 Bg4 10. h3 Bxf3 11. Qxf3 O-O 12. Rd1 Rc8 13. e4 e5 14. Be3 Qe7 15.
d5 Nb6 16. Bb3 cxd5 17. Nxd5 Nbxd5 18. Bxd5 Bc5 19. Bg5 Bd4 20. Qg3 Kh8 21.
Rxd4 exd4 22. e5 Qc7 23. exf6 Qxg3 24. fxg3 Rc5 25. fxg7+ Kxg7 26. Be7 Rxd5 27.
Bxf8+ Kxf8 28. Kf2 Rc5 29. Rd1 Rc2+ 30. Kf3 Rxb2 31. Rxd4 Ke7 32. Re4+ Kf6 33.
Rf4+ Ke6 34. Re4+ Kd6 35. Rd4+ Ke7 36. Re4+ Kf8 37. Rc4 a5 38. g4 Kg7 39. h4 h6
40. Rc5 Rb3+ 41. Kf2 b6 42. Rc6 Rb4 43. Kf3 f6 44. g3 Kf7 45. Rd6 Ke7 46. Rc6
Kf7 47. Rd6 1/2-1/2

[Event "em-team men"]
[Site "?"]
[Date "2003.10.15"]
[Round "5.11"]
[White "Spasov, Vasil"]
[Black "Halkias, Stelios"]
[Result "1/2-1/2"]
[WhiteElo "2543"]
[BlackElo "2546"]
[PlyCount "90"]
[EventDate "2003.10.15"]

1. e4 c5 2. Nf3 Nc6 3. Bb5 d6 4. O-O Bd7 5. Re1 Nf6 6. c3 a6 7. Bf1 Bg4 8. d3
e6 9. Nbd2 Be7 10. h3 Bh5 11. g4 Bg6 12. Nh4 Nd7 13. Ng2 h6 14. f4 Bh7 15. Nf3
O-O 16. f5 Nde5 17. Nf4 Nxf3+ 18. Qxf3 Bg5 19. Bg2 Qe7 20. Nh5 exf5 21. Bxg5
Qxg5 22. exf5 g6 23. Ng3 gxf5 24. gxf5 d5 25. Qg4 Rad8 26. Rad1 Kh8 27. Qxg5
hxg5 28. Kf2 f6 29. d4 cxd4 30. cxd4 Bg8 31. h4 Bf7 32. hxg5 fxg5 33. Bf3 Kg7
34. Bh5 Rh8 35. Rh1 Rde8 36. Kf3 Bxh5+ 37. Rxh5 Rxh5 38. Nxh5+ Kf7 39. Kg4 Re2
40. Ng3 Rxb2 41. Kxg5 Rxa2 42. Rh1 Rg2 43. Kf4 Kg8 44. Nh5 Nxd4 45. Nf6+ Kg7
1/2-1/2